Imagining Urban Gardening Space : An Ethnographic Study of Urban Gardening in Sweden.

Bibliographic Details
Main Author: Åberg, Ida.
Format: eBook
Language:English
Published: Linköping : Linkopings Universitet, 2019.
Edition:1st ed.
Series:FiF-Avhandling - Filosofiska Fakulteten - Linköpings Universitet Series
Subjects:
Online Access:Click to View
LEADER 01597nam a22003613i 4500
001 EBC30401241
003 MiAaPQ
005 20240729202205.0
006 m o d |
007 cr cnu||||||||
008 240729s2019 xx o ||||0 eng d
020 |a 9789176850398  |q (electronic bk.) 
035 |a (MiAaPQ)EBC30401241 
035 |a (Au-PeEL)EBL30401241 
035 |a (OCoLC)1372399568 
040 |a MiAaPQ  |b eng  |e rda  |e pn  |c MiAaPQ  |d MiAaPQ 
100 1 |a Åberg, Ida. 
245 1 0 |a Imagining Urban Gardening Space :  |b An Ethnographic Study of Urban Gardening in Sweden. 
250 |a 1st ed. 
264 1 |a Linköping :  |b Linkopings Universitet,  |c 2019. 
264 4 |c {copy}2019. 
300 |a 1 online resource (102 pages) 
336 |a text  |b txt  |2 rdacontent 
337 |a computer  |b c  |2 rdamedia 
338 |a online resource  |b cr  |2 rdacarrier 
490 1 |a FiF-Avhandling - Filosofiska Fakulteten - Linköpings Universitet Series ;  |v v.125 
588 |a Description based on publisher supplied metadata and other sources. 
590 |a Electronic reproduction. Ann Arbor, Michigan : ProQuest Ebook Central, 2024. Available via World Wide Web. Access may be limited to ProQuest Ebook Central affiliated libraries.  
655 4 |a Electronic books. 
776 0 8 |i Print version:  |a Åberg, Ida  |t Imagining Urban Gardening Space  |d Linköping : Linkopings Universitet,c2019 
797 2 |a ProQuest (Firm) 
830 0 |a FiF-Avhandling - Filosofiska Fakulteten - Linköpings Universitet Series 
856 4 0 |u https://ebookcentral.proquest.com/lib/matrademy/detail.action?docID=30401241  |z Click to View